Εμπορικό δίκαιο
Αποθηκεύτηκε σε:
| Κύριος συγγραφέας: | |
|---|---|
| Μορφή: | Βιβλίο |
| Γλώσσα: | Greek |
| Δημοσίευση: |
Αθήνα :
Αντ. Ν. Σάκκουλας,
2004.
|
| Θέματα: | |
| Ετικέτες: |
Προσθήκη ετικέτας
Δεν υπάρχουν, Καταχωρήστε ετικέτα πρώτοι!
|
MARC
| LEADER | 00000cam a2200000 i 4500 | ||
|---|---|---|---|
| 001 | 1/105126 | ||
| 008 | 090518s2004 gr | ||| |||| ||gre|| | ||
| 020 | |a 9601511997 | ||
| 035 | |l 10104695 | ||
| 040 | |a GR-MyUA |b gre |e AACR2 | ||
| 041 | 0 | |a gre | |
| 082 | 0 | |a 346.07 |2 (22) | |
| 100 | 1 | |a Σινανιώτη-Μαρούδη, Αριστέα. | |
| 245 | 1 | 0 | |a Εμπορικό δίκαιο / |c Αριστέα Σινανιώτη-Μαρούδη. |
| 260 | |a Αθήνα : |b Αντ. Ν. Σάκκουλας, |c 2004. | ||
| 300 | |a 661 σ. ; |c 24 εκ. | ||
| 500 | |a Προσωπικές εταιρίες - Κεφαλαιουχικές Εταιρίες - Συνδεδεμένες Επιχειρήσεις - Κοινοτικό Δίκαιο. | ||
| 504 | |a Βιβλιογραφία: σ. [39]-62. Ευρετήριο | ||
| 505 | 0 | |a Τ. 2. Εμπορικές εταιρίες. | |
| 650 | 0 | 0 | |a Commercial law. |
| 650 | 0 | 0 | |a Commercial law |z Greece. |
| 740 | 0 | 2 | |a Εμπορικές εταιρίες |
| 852 | |a INST |b SAMOS |e 20090518 |h 346.07 ΣΙΝ |p 005300028744 |q 005300028744 |t BK |y 0 |z τ.2 | ||
| 852 | |a INST |b SAMOS |e 20090518 |h 346.07 ΣΙΝ |p 005300028745 |q 005300028745 |t BK |y 0 |z τ.2 | ||
| 852 | |a INST |b SAMOS |e 20090518 |h 346.07 ΣΙΝ |p 005300028746 |q 005300028746 |t BK |y 23 |z τ.2 | ||
| 852 | |a INST |b SAMOS |e 20100722 |h 346.07 ΣΙΝ |p 005300031411 |q 005300031411 |t BK |y 0 |z τ.2 | ||
| 852 | |a INST |b SAMOS |e 20100722 |h 346.07 ΣΙΝ |p 005300031412 |q 005300031412 |t BK |y 0 |z τ.2 | ||
| 852 | |a INST |b SAMOS |e 20090518 |h 346.07 ΣΙΝ |p 005300028744 |q 005300028744 |t BK |v τ.2: |y 0 |z τ.2 | ||
| 852 | |a INST |b SAMOS |e 20090518 |h 346.07 ΣΙΝ |p 005300028745 |q 005300028745 |t BK |v τ.2: |y 0 |z τ.2 | ||
| 852 | |a INST |b SAMOS |e 20090518 |h 346.07 ΣΙΝ |p 005300028746 |q 005300028746 |t BK |v τ.2: |y 23 |z τ.2 | ||
| 852 | |a INST |b SAMOS |e 20100722 |h 346.07 ΣΙΝ |p 005300031411 |q 005300031411 |t BK |v τ.2: |y 0 |z τ.2 | ||
| 852 | |a INST |b SAMOS |e 20100722 |h 346.07 ΣΙΝ |p 005300031412 |q 005300031412 |t BK |v τ.2: |y 0 |z τ.2 | ||
| 853 | |a INST |b SAMOS |h 346.07 ΣΙΝ | ||
| 901 | |a BIBL3-2010-2 | ||
| 901 | |a BIBL3-2009-2 | ||
| 909 | |a Σ |b 165938 | ||
| 909 | |a Σ |b 165939 | ||
| 909 | |a Σ |b 157910 | ||
| 909 | |a Σ |b 157911 | ||
| 909 | |a Σ |b 157912 | ||
| 920 | |a ΦΟΙΤΗΤΙΚΗ ΜΕΡΙΜΝΑ |b ΤΣΑΧΜ |y Σάμος |z 2009-05 | ||
| 920 | |a ΦΟΙΤΗΤΙΚΗ ΜΕΡΙΜΝΑ |b ΤΣΑΧΜ |y Σάμος |z 2010-07 | ||
| 970 | |a ΡΟΥΣΣΟΥ |b ΚΩΝΣΤΑΝΤΙΝΑ |z 2009/05/18 | ||